ბათუმის შოთა რუსთაველის სახელმწიფო უნივერსიტეტის ბიბლიოთეკა

Linguistische Stil- und Textanalyse : (ბიბ.ჩანაწერი № 62150)

000 -LEADER
fixed length control field 00711nam a22001817a 4500
005 - DATE AND TIME OF LATEST TRANSACTION
control field 20240723173426.0
008 - FIXED-LENGTH DATA ELEMENTS--GENERAL INFORMATION
fixed length control field 240723s2016 ge ||||| |||| 00| 0 ger d
020 ## - INTERNATIONAL STANDARD BOOK NUMBER
International Standard Book Number 9783823367697 X
080 ## - UNIVERSAL DECIMAL CLASSIFICATION NUMBER
Universal Decimal Classification number 81'1 K-83
100 ## - MAIN ENTRY--PERSONAL NAME
Personal name Krieg-Holz, Ulrike
9 (RLIN) 22917
245 ## - TITLE STATEMENT
Title Linguistische Stil- und Textanalyse :
Remainder of title Eine Einführung /
Statement of responsibility, etc. Ulrike Krieg-Holz, Lars Bülow
264 ## - PRODUCTION, PUBLICATION, DISTRIBUTION, MANUFACTURE, AND COPYRIGHT NOTICE
Place of production, publication, distribution, manufacture Tübingen:
Name of producer, publisher, distributor, manufacturer Narr Francke Attempto,
Date of production, publication, distribution, manufacture, or copyright notice 2016.
300 ## - PHYSICAL DESCRIPTION
Extent 288 p.:
Other physical details 24 cm.
653 ## - INDEX TERM--UNCONTROLLED
keyword Linguistische Stil- und Textanalyse : Eine Einführung
653 ## - INDEX TERM--UNCONTROLLED
keyword ლინგვისტური სტილისა და ტექსტის ანალიზი
700 ## - ADDED ENTRY--PERSONAL NAME
Personal name Bülow, Lars
Relator term Author
9 (RLIN) 22918
942 ## - ADDED ENTRY ELEMENTS (KOHA)
Source of classification or shelving scheme
Koha item type წიგნი
ეგზემპლარები
Withdrawn status Lost status Source of classification or shelving scheme Damaged status Not for loan Permanent Location Current Location Shelving location Date acquired Cost, normal purchase price Full call number Barcode Date last seen Copy number Price effective from Koha item type Public note
          ბათუმის შოთა რუსთაველის სახელმწიფო უნივერსიტეტის მთავარი ბიბლიოთეკა ბათუმის შოთა რუსთაველის სახელმწიფო უნივერსიტეტის მთავარი ბიბლიოთეკა წიგნსაცავი 2024-07-23 135.00 81'1 K-83 68830 2024-07-23 68830 2024-07-23 წიგნი 135.00